书目信息 |
| 题名: |
宋代僧人诗话研究
|
|
| 作者: | 周萌 著 | |
| 分册: | ||
| 出版信息: | 北京 北京大学出版社 2017 |
|
| 页数: | 314页 | |
| 开本: | 24cm | |
| 丛书名: | ||
| 单 册: | ||
| 中图分类: | I207.227.44 | |
| 科图分类: | ||
| 主题词: | 诗话--shi hua--文学研究--中国--宋代 | |
| 电子资源: | ||
| ISBN: | 978-7-301-27972-4 | |
| 000 | 01297nam0 22002651 450 | |
| 001 | 1738639479 | |
| 005 | 20170627164709.0 | |
| 010 | @a978-7-301-27972-4@dCNY54.00 | |
| 100 | @a20170505d2017 em y0chiy50 ea | |
| 101 | 0 | @achi |
| 102 | @aCN@b110000 | |
| 105 | @ay z 000yy | |
| 106 | @ar | |
| 200 | 1 | @a宋代僧人诗话研究@9song dai seng ren shi hua yan jiu@e诗学、禅学、党争交织的文学案例@dStudies on poetic remarks of buddhist monks in Song Dynasty@eliterary examples of poetry mingled with Zen and Faction@f周萌著@zeng |
| 210 | @a北京@c北京大学出版社@d2017 | |
| 215 | @a314页@d24cm | |
| 300 | @a国家社科基金后期资助项目 | |
| 330 | @a本书以宋代僧人诗话为切入点,分别从文献、诗学、禅学、党争等不同角度,探析宋人对经典诗人的选择、唐宋僧人诗论的流变、诗禅互动的时代形态、诗话表现党争的方式,以期揭示宋代文学的特有气质,以及宋代文学批评的典型意义。 | |
| 510 | 1 | @aStudies on poetic remarks of buddhist monks in Song Dynasty@eliterary examples of poetry mingled with Zen and Faction@zeng |
| 517 | 1 | @a诗学、禅学、党争交织的文学案例@9shi xue chan xue dang zheng jiao zhi de wen xue an li |
| 606 | 0 | @a诗话@9shi hua@x文学研究@y中国@z宋代 |
| 690 | @aI207.227.44@v5 | |
| 701 | 0 | @a周萌@9zhou meng@f(1977~)@4著 |
| 801 | 0 | @aCN@bTANGWEI@c20170626 |
| 905 | @b1016732-7@dI207.227.44@e1044@f6 | |
| 宋代僧人诗话研究:诗学、禅学、党争交织的文学案例=Studies on poetic remarks of buddhist monks in Song Dynasty:literary examples of poetry mingled with Zen and Faction/周萌著.-北京:北京大学出版社,2017 |
| 314页;24cm |
| 国家社科基金后期资助项目 |
| ISBN 978-7-301-27972-4:CNY54.00 |
| 本书以宋代僧人诗话为切入点,分别从文献、诗学、禅学、党争等不同角度,探析宋人对经典诗人的选择、唐宋僧人诗论的流变、诗禅互动的时代形态、诗话表现党争的方式,以期揭示宋代文学的特有气质,以及宋代文学批评的典型意义。 |
| ● |
| 相关链接 |
|
|
|
|
正题名:宋代僧人诗话研究
索取号:I207.227.44/1044
 
预约/预借
| 序号 | 登录号 | 条形码 | 馆藏地/架位号 | 状态 | 备注 |
| 1 | 1016732 | 210167326 | 第一样本阅览室/ [索取号:I207.227.44/1044] | 在馆 | |
| 2 | 1016733 | 210167335 | 教育系资料室/ [索取号:I207.227.44/1044] | 在馆 | |
| 3 | 1016734 | 210167344 | 教育系资料室/ [索取号:I207.227.44/1044] | 在馆 | |
| 4 | 1016735 | 210167353 | 教育系资料室/ [索取号:I207.227.44/1044] | 在馆 | |
| 5 | 1016736 | 210167362 | 第二借阅区/ [索取号:I207.227.44/1044] | 在馆 | |
| 6 | 1016737 | 210167371 | 第二借阅区/ [索取号:I207.227.44/1044] | 在馆 |